| 000 | 00916cab a2200265 4500 | ||
|---|---|---|---|
| 001 | WB2832-05 | ||
| 008 | 090401t1992 xxu||||| |||| 00| 0 eng d | ||
| 035 | _a(Sirsi) u66132 | ||
| 041 | _aeng | ||
| 245 | _aNJCC issues new tendering note | ||
| 260 | _c1992 | ||
| 350 | _a0 | ||
| 490 |
_aNJCC Press Notice _v(A.92.69) 5 August 1992, 3 |
||
| 490 |
_aBuilding _v257(7758) 14 August 1992, 9(4) |
||
| 520 | _aThe National Joint Consultative Committee for Building has announced publication of a revised Procedure Note 12, "Tendering for building works without bills of quantities", acknowledging changed market conditions. | ||
| 650 | _aCONTRACT PROCEDURE | ||
| 650 | _aDRAWINGS | ||
| 650 | _aNJCC PROCEDURE NOTE 12 | ||
| 650 | _aSPECIFICATIONS | ||
| 650 | _aTENDERING | ||
| 690 | _aBUILT ENVIRONMENT-BUILDING CONTRACT FORMS | ||
| 690 |
_aQuantity surveying _96263 |
||
| 942 | _n0 | ||
| 948 | _c04/03/1997 | ||
| 999 |
_c41337 _d41337 |
||